| 000 | 00680nam a2200241Ia 4500 | ||
|---|---|---|---|
| 003 | IIN | ||
| 005 | 20250429110843.0 | ||
| 008 | 231217s9999 xx 000 0 und d | ||
| 020 |
_cRs.1095.00 _a918181915047 |
||
| 040 |
_aIIN _bEnglish |
||
| 082 |
_a616.9041 _bMOH |
||
| 100 | 1 | _aMohanty, S.K. | |
| 245 | 1 |
_aEssentials of Microbiology and Immunology _b: Through Question and Answers / _cS.K. Mohanty,...[et al] |
|
| 260 |
_aHyderabad _bParas Medical _c2019 |
||
| 300 |
_a614p. _bcol. ill. |
||
| 650 | 1 | _aMicrobiology | |
| 650 | 1 | _aImmunology | |
| 700 | _aLeela, K Sai | ||
| 700 | _aPattanaik, Dipti | ||
| 700 | _aMahapatra, Ashoka | ||
| 700 | _aSingh, Nipa | ||
| 942 | _cBOOK | ||
| 999 |
_c339 _d339 |
||